[Event "IRI-chT 15th"]
[Site "Tehran"]
[Date "2016.08.02"]
[Round "1.2"]
[White "Golizadeh, Asghar"]
[Black "Soleimanian, Milad"]
[Result "1-0"]
[WhiteElo "2450"]
[BlackElo "1979"]
[PlyCount "91"]
[EventDate "2016.08.02"]
[EventType "team-tourn"]
[EventRounds "11"]
[EventCountry "IRI"]
[SourceTitle "EXT 2017"]
[Source "ChessBase"]
[SourceDate "2016.10.25"]
[SourceVersion "1"]
[SourceVersionDate "2016.10.25"]
[SourceQuality "1"]
[WhiteTeam "Tabriz Shahdari"]
[BlackTeam "Hormozgan Taid Vater"]
[WhiteTeamCountry "IRI"]
[BlackTeamCountry "IRI"]

1. e4 g6 2. d4 Bg7 3. Nc3 c5 4. Nf3 Nc6 5. dxc5 Bxc3+ 6. bxc3 Qa5 7. Bd3 Nf6 8. 0-0 Qxc5 9. Rb1 a6 10. Be3 Qh5 11. e5 Nd5 12. Bd2 Nxe5 13. Nxe5 Qxe5 14. Re1 Qf6 15. Qc1 h6 16. c4 Nc7 17. Qa3 d6 18. Bc3 e5 19. Rb6 0-0 20. Bxe5 Qxe5 21. Rxe5 dxe5 22. Bxg6 fxg6 23. Rxg6+ Kf7 24. Rxh6 Bf5 25. Qd6 Kg7 26. Rh5 Ne6 27. Qxe5+ Kg6 28. Rxf5 Rxf5 29. Qxe6+ Rf6 30. Qe4+ Kh6 31. h4 Raf8 32. Qe3+ Kg7 33. g3 Rc6 34. Qe5+ Kg8 35. h5 Rfc8 36. Kg2 R8c7 37. g4 Rxc4 38. Qe6+ Kh7 39. g5 Rxc2 40. Qf5+ Kg8 41. h6 R2c5 42. Qe6+ Kh7 43. Qe4+ Kg8 44. g6 Rc8 45. Qe6+ Kh8 46. Qf6+ 1-0

[Event "Bandarabbas Rapid"]
[Site "Bandarabbas"]
[Date "2016.01.29"]
[Round "4.4"]
[White "Ghorban Oghly, Mohsen"]
[Black "Soleimanian, Milad"]
[Result "1-0"]
[WhiteElo "1849"]
[BlackElo "1963"]
[PlyCount "147"]
[EventDate "2015.12.30"]
[EventType "swiss (rapid)"]
[EventRounds "9"]
[EventCountry "IRI"]
[SourceTitle "EXT 2024"]
[Source "ChessBase"]
[SourceDate "2023.10.10"]
[SourceVersion "1"]
[SourceVersionDate "2023.10.10"]
[SourceQuality "1"]

1. e4 g6 2. d4 Bg7 3. Nf3 c5 4. Be3 cxd4 5. Bxd4 Nf6 6. e5 Nh5 7. Bc4 0-0 8. 0-0 Nc6 9. Bc3 Nf4 10. Qd2 Ne6 11. Na3 a6 12. b4 b5 13. Be2 Qc7 14. Qe3 Bb7 15. Rad1 Rac8 16. Nb1 Rfd8 17. a3 h6 18. Rd3 g5 19. h3 Nf4 20. Rd2 e6 21. h4 Ne7 22. hxg5 hxg5 23. Nxg5 Ned5 24. Qf3 Bxe5 25. Bxe5 Qxe5 26. Qg4 Nf6 27. Qg3 Kf8 28. Bf3 d5 29. Qh4 Ke7 30. Nh7 Rh8 31. Qxf6+ Qxf6 32. Nxf6 Kxf6 33. g3 Rcg8 34. Nc3 Nh3+ 35. Kg2 Ng5 36. Rd3 Ke7 37. Ne2 Rh6 38. Re1 Rgh8 39. Nd4 Kf6 40. Bg4 e5 41. Nf5 Rh2+ 42. Kf1 e4 43. Rc3 Nf3 44. Bxf3 Kxf5 45. Bg2 Kg6 46. Rc7 Bc8 47. Rc6+ f6 48. Rd6 Bg4 49. Re3 R8h5 50. c3 Rf5 51. Rxd5 Rxg2 52. Rxf5 Bh3 53. Rf4 Rxg3+ 54. Ke2 Bg4+ 55. Kd2 Rg1 56. Rexe4 f5 57. Re6+ Kg5 58. Rd4 Rd1+ 59. Kc2 Rf1 60. Rd2 f4 61. Rxa6 Bf5+ 62. Kb2 Kg4 63. Rb6 Rb1+ 64. Ka2 Rc1 65. Rxb5 Rxc3 66. a4 Bd3 67. Rc5 Bc4+ 68. Kb2 Rb3+ 69. Ka1 Rxb4 70. a5 Kf3 71. Rd4 Ra4+ 72. Kb2 Bb5 73. Rxa4 Bxa4 74. a6 1-0

[Event "Bandarabbas Rapid"]
[Site "Bandarabbas"]
[Date "2016.01.29"]
[Round "9.1"]
[White "Toufighi, Homayoon"]
[Black "Soleimanian, Milad"]
[Result "1-0"]
[WhiteElo "2464"]
[BlackElo "1963"]
[PlyCount "97"]
[EventDate "2015.12.30"]
[EventType "swiss (rapid)"]
[EventRounds "9"]
[EventCountry "IRI"]
[SourceTitle "EXT 2024"]
[Source "ChessBase"]
[SourceDate "2023.10.10"]
[SourceVersion "1"]
[SourceVersionDate "2023.10.10"]
[SourceQuality "1"]

1. e4 g6 2. h4 h5 3. Nc3 Bg7 4. d4 d6 5. Bc4 Nf6 6. Bg5 Nc6 7. Bb3 e5 8. Nge2 0-0 9. d5 Ne7 10. Qd2 a6 11. f3 b5 12. Bh6 a5 13. Bxg7 Kxg7 14. Nxb5 a4 15. Bc4 Bd7 16. Nbc3 Qb8 17. Rb1 Qb4 18. Bd3 Rfb8 19. 0-0 c5 20. dxc6 Nxc6 21. Kh1 Nd4 22. a3 Qa5 23. Qe3 Qc5 24. Qf2 Rb6 25. Nxd4 exd4 26. Ne2 Rab8 27. Qxd4 Qxd4 28. Nxd4 Rxb2 29. Rxb2 Rxb2 30. Ra1 Kf8 31. Ne2 Bc6 32. Nc3 d5 33. Kg1 dxe4 34. fxe4 Ng4 35. Rb1 Rxb1+ 36. Nxb1 Ke7 37. Nd2 Ke6 38. Nf3 f6 39. Kf1 Ne3+ 40. Kf2 Nd1+ 41. Ke1 Nc3 42. Kd2 Nxe4+ 43. Ke3 Nc3 44. Nd4+ Kd6 45. Nxc6 Kxc6 46. Bxg6 Kd7 47. Kd4 Nb5+ 48. Kc5 Nxa3 49. c3 1-0

[Event "Rafsanjan op 1st"]
[Site "Rafsanjan"]
[Date "2015.08.11"]
[Round "3"]
[White "Soleimanian, Milad"]
[Black "Kanan Azer, Nasser"]
[Result "1/2-1/2"]
[WhiteElo "1908"]
[BlackElo "2028"]
[PlyCount "149"]
[EventDate "2015.08.10"]
[EventType "swiss"]
[EventRounds "9"]
[EventCountry "IRI"]
[SourceTitle "EXT 2016"]
[Source "ChessBase"]
[SourceDate "2015.10.08"]
[SourceVersion "1"]
[SourceVersionDate "2015.10.08"]
[SourceQuality "1"]

1. g3 e5 2. Bg2 Nc6 3. c4 g6 4. Nc3 Bg7 5. d3 Nge7 6. Nf3 0-0 7. 0-0 d6 8. Bd2 h6 9. Rb1 Be6 10. b4 Qd7 11. Re1 Bh3 12. Bh1 f5 13. b5 Nd8 14. e3 g5 15. Qc2 Ng6 16. Rec1 Ne6 17. Ne1 Nd8 18. Bg2 Bxg2 19. Nxg2 f4 20. d4 Qf7 21. Qd3 Ne6 22. d5 Nc5 23. Qc2 fxg3 24. fxg3 Qf2+ 25. Kh1 Qf3 26. Qxg6 e4 27. Ne2 Rf6 28. Ng1 Rxg6 29. Nxf3 exf3 30. Ne1 Rf8 31. Nc2 Ne4 32. Bb4 g4 33. Ne1 h5 34. Nd3 h4 35. Nf4 Rh6 36. gxh4 Be5 37. Be1 f2 38. Bxf2 Nxf2+ 39. Kg2 Bxf4 40. exf4 Nd3 41. Rf1 Nxf4+ 42. Kg3 Ne2+ 43. Kxg4 Rg6+ 44. Kh5 Rgf6 45. Rxf6 Rxf6 46. Kg5 Kf7 47. h5 Nd4 48. h4 Nf3+ 49. Kg4 Ne5+ 50. Kg5 Kg7 51. Rb2 Nf7+ 52. Kg4 Nh6+ 53. Kg3 Rf5 54. Rb3 Rxh5 55. Ra3 Re5 56. Rxa7 Re4 57. Rxb7 Kf6 58. Rxc7 Nf5+ 59. Kf3 Re3+ 60. Kg4 Ra3 61. Rc8 Nh6+ 62. Kf4 Rxa2 63. Rc6 Nf7 64. c5 Ra4+ 65. Kg3 Ke5 66. b6 dxc5 67. Rxc5 Rb4 68. Rc6 Nd6 69. h5 Kxd5 70. Rc7 Nf5+ 71. Kf3 Rxb6 72. Kg4 Ke6 73. Kg5 Ne7 74. h6 Rb8 75. Kh5 1/2-1/2

[Event "Rafsanjan op 1st"]
[Site "Rafsanjan"]
[Date "2015.08.10"]
[Round "1"]
[White "Soleimanian, Milad"]
[Black "Hosseini, Morteza"]
[Result "1-0"]
[WhiteElo "1908"]
[BlackElo "1251"]
[PlyCount "44"]
[EventDate "2015.08.10"]
[EventType "swiss"]
[EventRounds "9"]
[EventCountry "IRI"]
[SourceTitle "EXT 2016"]
[Source "ChessBase"]
[SourceDate "2015.10.08"]
[SourceVersion "1"]
[SourceVersionDate "2015.10.08"]
[SourceQuality "1"]

1. e4 d6 2. d4 g6 3. c4 Bg7 4. Nc3 Nf6 5. f3 0-0 6. Be3 Nbd7 7. Qd2 e5 8. d5 b6 9. g4 Re8 10. Nge2 Nf8 11. Ng3 Bd7 12. h4 Qc8 13. 0-0-0 Re7 14. Kb1 a5 15. h5 Re8 16. hxg6 Nxg6 17. Nf5 Bf8 18. Bg5 Qd8 19. Qh2 Bg7 20. Bxf6 Qxf6 21. Qxh7+ Kf8 22. g5 Qxf5 1-0